000 00457nam a2200181Ia 4500
001 9393
005 20260306161715.0
008 260306t2001||||xx |||||||||||||| ||spa||
041 _aESP
082 _a378.2
_bP51
100 _aPhillips Estelle M.
_eAUT
245 0 _aCómo obtener un doctorado:
_bmanual para estudiantes y tutores
260 _c2001
300 _a271. páginas :
_c23 cm.
650 _aGEN
654 _aCED
942 _cLIB
_dJUS
_fJUS
_2ddc
_n
999 _c9393
_d9393